000 01412nam0a22003251 4500
001 rc\3434394
005 20250609234229.0
021 _aRU
_bРг3781-75
021 _aRU
_b75-12591
035 _a(NLR Aleph) 007564624
090 _a5338517
_c5338517
100 _a20130115d1974 |||y0rusy50 ca
101 0 _arus
102 _aRU
105 _ay z |||||
200 1 _aОбработка магнитномягких материалов алмазными кругами
_fНауч.-техн. конференция европ. стран - членов СЭВ и СФРЮ "Синтет. алмазы - ключ к техн. прогрессу". Киев, 21-24 авг. 1974 г.
210 _aКиев
_cБ. и.
_d[1974]
215 _a8 с.
_d20
300 _aПеред загл. авт.: А.П. Гавриш, Г.П. Кремнев, Г.Ф. Скрипко
320 _aБиблиогр.: с. 8
700 1 _aГавриш
_bА.П.
_gАнатолий Павлович
701 1 _aСкрипко
_bГ.Ф.
701 1 _aКремнев
_bГ.П.
712 1 2 _a"Синтетические алмазы-ключ к техническому прогрессу", научно-техническая конференция
_eКиев
_f1974
_9398439
_3RU\NLR\AUTH\880365882
801 0 _aRU
_bNLR
_gpsbo
801 1 _aRU
_bELAR
_2rusmarc
852 _aNLR
_j74-4/35394
942 _cBOOK
980 _aNB